[Event "FIDE World Bl Team Final"]
[Site "London ENG"]
[Date "2025.06.15"]
[Round "1.1"]
[White "Samadov, Read"]
[Black "Grischuk, Alexander"]
[Result "0-1"]
[WhiteTitle "IM"]
[BlackTitle "GM"]
[WhiteElo "2522"]
[BlackElo "2667"]
[WhiteTeam "C3 Rookies"]
[BlackTeam "D2 KazChess"]
[WhiteFideId "13417444"]
[BlackFideId "4126025"]
[EventDate "2025.06.15"]
[EventType "team-k.o. (blitz)"]

1. d4 Nf6 2. c4 g6 3. Nc3 d5 4. cxd5 Nxd5 5. e4 Nxc3 6. bxc3 Bg7 7. Nf3 c5 8. h3
O-O 9. Be2 b6 10. Be3 Bb7 11. Qd3 Ba6 12. Qd2 cxd4 13. cxd4 Bb7 14. Qd3 Ba6 15.
Qd2 Bb7 16. e5 Nc6 17. O-O Qd5 18. Rac1 Rac8 19. Bc4 Qa5 20. Qe2 e6 21. Rfd1 Ne7
22. Bd2 Qa4 23. Bb3 Qd7 24. Bb4 Rfd8 25. Rxc8 Rxc8 26. Bxe7 Qxe7 27. d5 exd5 28.
Bxd5 Bxd5 29. Rxd5 Rd8 30. Qd3 Rxd5 31. Qxd5 h6 32. g4 Bf8 33. Kg2 Qe8 34. h4
Bc5 35. Nd2 Qe6 36. Qxe6 fxe6 37. Ne4 Be7 38. h5 gxh5 39. gxh5 b5 40. f4 b4 41.
Kf3 a5 42. Nd2 a4 43. Nb1 Kf7 44. Ke4 Bh4 45. f5 exf5+ 46. Kxf5 Bg3 47. Nd2 Ke7
48. Ne4 Bh2 49. Nc5 b3 50. axb3 a3 51. b4 Bg1 52. Nb3 a2 53. Kg6 Bd4 54. Kxh6
Bxe5 55. Kg6 Ke6 56. b5 Kd6 57. h6 Kc7 58. h7 Kb6 59. Kf5 Bh8 60. Ke4 Kxb5 61.
Kd3 Kb4 62. Kc2 Ka3 0-1

[Event "FIDE World Bl Team Final"]
[Site "London ENG"]
[Date "2025.06.15"]
[Round "1.1"]
[White "Rapport, Richard"]
[Black "Sapenov, Daniyal"]
[Result "0-1"]
[WhiteTitle "GM"]
[BlackTitle "IM"]
[WhiteElo "2714"]
[BlackElo "2405"]
[WhiteTeam "D2 KazChess"]
[BlackTeam "C3 Rookies"]
[WhiteFideId "738590"]
[BlackFideId "13728911"]
[EventDate "2025.06.15"]
[EventType "team-k.o. (blitz)"]

1. Nf3 d5 2. g3 Nf6 3. Bg2 e6 4. O-O Be7 5. d3 O-O 6. Nbd2 c5 7. e4 Nc6 8. Re1
h6 9. c3 b5 10. exd5 exd5 11. Nb3 Bf5 12. Be3 Nd7 13. a4 b4 14. c4 d4 15. Bf4
Rc8 16. h4 Re8 17. Qd2 Nf6 18. Ne5 Nxe5 19. Rxe5 Be6 20. Rae1 Bd6 21. R5e2 Qc7
22. Bxd6 Qxd6 23. a5 Kf8 24. Bb7 Rc7 25. a6 Rce7 26. Qf4 Qxf4 27. gxf4 Rc7 28.
Re5 Bf5 29. Rd1 Rxe5 30. fxe5 Nd7 31. f4 Ke7 32. Kf2 f6 33. Kf3 fxe5 34. fxe5
Nxe5+ 35. Kf4 Kf6 36. Nc1 g5+ 37. hxg5+ hxg5+ 38. Kg3 Rh7 39. Bg2 Ng4 40. Nb3
Ne3 41. Rd2 Rc7 42. Bb7 Nf1+ 0-1

[Event "FIDE World Bl Team Final"]
[Site "London ENG"]
[Date "2025.06.15"]
[Round "1.1"]
[White "Shogdzhiev, Roman"]
[Black "Esipenko, Andrey"]
[Result "0-1"]
[WhiteTitle "FM"]
[BlackTitle "GM"]
[WhiteElo "2402"]
[BlackElo "2689"]
[WhiteTeam "C3 Rookies"]
[BlackTeam "D2 KazChess"]
[WhiteFideId "55653537"]
[BlackFideId "24175439"]
[EventDate "2025.06.15"]
[EventType "team-k.o. (blitz)"]

1. e4 e5 2. Nf3 Nc6 3. Bc4 Nf6 4. d3 Be7 5. O-O O-O 6. Re1 d6 7. a4 a5 8. c3 Be6
9. Bxe6 fxe6 10. Qb3 Qd7 11. Nbd2 h6 12. h3 b6 13. Qb5 Rf7 14. Nf1 Raf8 15. Ng3
Na7 16. Qxd7 Nxd7 17. Be3 Nc6 18. Rac1 Nc5 19. Bxc5 bxc5 20. Rc2 g5 21. Nf1 h5
22. Ne3 Kh7 23. Nh2 Kg6 24. f3 Rb8 25. Nhf1 Rb7 26. Nd2 Rf8 27. Ndc4 Rfb8 28.
Ree2 Bf6 29. g3 Kf7 30. Kg2 Ke7 31. Rf2 Kd7 32. Kf1 Ra7 33. f4 gxf4 34. gxf4 Bh4
35. Rf3 Rf8 36. f5 Raa8 37. Rg2 Ne7 38. Rg7 Bf6 39. Rh7 Rh8 40. Rf7 Rh6 41. Rg3
Rah8 42. Rg6 Rxg6 43. fxg6 Bg5 44. Ke2 Rg8 45. g7 Bh6 46. Nxa5 Bxg7 47. Rf2 Bh6
48. Nac4 Bf4 49. a5 d5 50. Nd2 Ra8 51. b4 cxb4 52. cxb4 Nc6 53. exd5 Nd4+ 54.
Kd1 Bxe3 55. Rf7+ Ke8 56. Rh7 Ra6 57. Nc4 Bf4 58. dxe6 Rxe6 59. Rxc7 Rg6 60. Ke1
Rg2 61. Kf1 Ra2 62. Nd6+ Kf8 63. Ne4 Be3 64. Rc8+ Ke7 65. Rc7+ Ke6 66. Rh7 Nf3
67. Rxh5 Nh2+ 68. Ke1 Nf3+ 69. Kf1 Rb2 70. a6 Nh2+ 71. Ke1 Nf3+ 72. Kf1 Nh2+ 73.
Ke1 Rxb4 74. Rh7 Ra4 75. Rh6+ Kf7 76. Rc6 Ra1+ 77. Ke2 Bd4 78. Nd6+ Ke6 79. Nb5+
Kd5 80. Rh6 Ra2+ 81. Kd1 Nf3 82. Nc7+ Kc5 83. Ne6+ Kb4 84. Nxd4 exd4 85. Rf6 Ne5
86. Rd6 Kc5 87. Re6 Nxd3 88. h4 Nf2+ 89. Kc1 d3 90. Kb1 0-1

[Event "FIDE World Bl Team Final"]
[Site "London ENG"]
[Date "2025.06.15"]
[Round "1.1"]
[White "Ansat, Aldiyar"]
[Black "Akhilbay, Imangali"]
[Result "1-0"]
[WhiteTitle "IM"]
[BlackTitle "FM"]
[WhiteElo "2489"]
[BlackElo "2385"]
[WhiteTeam "D2 KazChess"]
[BlackTeam "C3 Rookies"]
[WhiteFideId "13715658"]
[BlackFideId "13734857"]
[EventDate "2025.06.15"]
[EventType "team-k.o. (blitz)"]

1. Nf3 d5 2. g3 Nc6 3. d4 Bf5 4. Bg2 e6 5. O-O Nb4 6. Na3 Nc6 7. Nb1 Nb4 8. Ne1
Be7 9. Nd3 Nc6 10. c3 Nf6 11. Bg5 Ne4 12. Bxe7 Qxe7 13. Nd2 Nd6 14. Re1 O-O 15.
e4 dxe4 16. Nxe4 Nxe4 17. Bxe4 Bxe4 18. Rxe4 Rad8 19. Qb3 b6 20. Rae1 Qd6 21.
Nf4 Na5 22. Qb5 Qc6 23. Qh5 Nc4 24. R4e2 g6 25. Qg4 Nd6 26. h4 Kh8 27. h5 Rg8
28. hxg6 hxg6 29. Rxe6 fxe6 30. Qh4+ Kg7 31. Nxe6+ Kf7 32. Nxd8+ Rxd8 33. Re7+
Kf8 34. Qf6+ 1-0

[Event "FIDE World Bl Team Final"]
[Site "London ENG"]
[Date "2025.06.15"]
[Round "1.1"]
[White "Nurman, Alua"]
[Black "Kaliakhmet, Elnaz"]
[Result "1/2-1/2"]
[WhiteTitle "WGM"]
[BlackTitle "WFM"]
[WhiteElo "2339"]
[BlackElo "2218"]
[WhiteTeam "C3 Rookies"]
[BlackTeam "D2 KazChess"]
[WhiteFideId "13729390"]
[BlackFideId "13730169"]
[EventDate "2025.06.15"]
[EventType "team-k.o. (blitz)"]

1. e4 c5 2. Nf3 Nc6 3. Nc3 Nf6 4. Be2 g6 5. d4 cxd4 6. Nxd4 d6 7. Be3 Bg7 8. O-O
O-O 9. h3 Bd7 10. f4 Rc8 11. Qd2 Nxd4 12. Bxd4 Bc6 13. Bf3 a6 14. Rad1 Nd7 15.
Bg4 h5 16. Bxd7 Qxd7 17. Bxg7 Kxg7 18. e5 Qf5 19. exd6 exd6 20. Ne2 Qc5+ 21. Nd4
Be4 22. c3 d5 23. Kh2 Qd6 24. Ne2 Rcd8 25. Ng3 Qf6 26. Qd4 Qxd4 27. Rxd4 f5 28.
h4 Rde8 29. Re1 Rf7 30. Rxd5 Bxd5 31. Rxe8 Bxa2 32. Ne2 Rd7 33. Nd4 Bc4 34. Rc8
Bd3 35. Ne6+ Kf7 36. Nc5 Rd5 37. Nxb7 Be4 38. Nc5 Rd2 39. Nxe4 fxe4 40. b4 e3
41. Kg3 Rc2 42. Kf3 e2 43. Kf2 e1=Q+ 44. Kxe1 Rxg2 45. c4 Rb2 46. Rb8 Kf6 47. c5
Rc2 48. Rb6+ Kf5 49. Rxa6 Kxf4 50. Rxg6 Rc4 51. Rb6 Ke3 52. Kd1 Kd3 53. Rd6+ Kc3
54. Rd5 Kxb4 55. Rxh5 Kb5 56. Ke2 Rc3 57. Rg5 Rh3 58. h5 Kc6 59. Kf2 Kb5 60. Kg2
Rh4 61. Kg3 Rh1 62. Kf4 Rh4+ 63. Ke3 Kc6 64. Kf3 Kb5 65. Kg3 Rh1 66. Kg4 Kc6 67.
Kf4 Rh4+ 68. Kg3 Rh1 69. Kf3 Kb5 70. Ke4 Kc6 71. Kd4 Rh4+ 72. Kd3 Kb5 73. Ke2
Rh3 74. Kf2 Kc6 75. Kg2 Rh4 76. Kg3 Rh1 77. Kf4 Rh4+ 78. Ke3 Kb5 79. Kd3 Kc6 80.
Kc3 Kb5 81. Kb3 Kc6 82. Kc2 Rh3 83. Kd2 Kb5 84. Ke2 Kc6 85. Kf1 Rh2 86. Kg1 Rh4
87. Kg2 Kb5 88. Kg3 Rh1 89. Kf4 Rh4+ 90. Kf5 Kxc5 91. Kg6+ Kd6 92. Rf5 Ke6 93.
Rf1 Rg4+ 94. Kh7 Rg2 95. h6 Ke7 96. Rf3 Rg1 97. Ra3 Kf7 98. Rf3+ Ke7 99. Rf4 Rg2
100. Rf5 Rg1 101. Ra5 Kf7 102. Ra7+ Kf8 103. Rg7 Rh1 104. Rg4 Kf7 105. Rf4+ Ke7
106. Kg6 Rg1+ 107. Kh7 Rg2 108. Rf5 Rg1 109. Kh8 Rg6 110. h7 Rg1 111. Rf2 Rg3
112. Ra2 Kf8 113. Ra8+ Kf7 114. Rg8 Rh3 115. Rg1 Kf8 116. Rf1+ Ke7 117. Rf5 Rg3
118. Ra5 Kf7 119. Ra7+ Kf8 120. Ra8+ Kf7 121. Rg8 Rh3 122. Rg1 Kf8 123. Rf1+ Ke7
124. Kg7 Rg3+ 125. Kh6 Rh3+ 126. Kg6 Rg3+ 127. Kf5 Rh3 128. Ra1 Kf7 129. Ra7+
Kf8 130. Kg6 Rg3+ 131. Kf6 Rf3+ 132. Kg5 Rh3 133. Kg4 Rh1 134. Kf4 Rh2 135. Ke5
Rh1 136. Kf6 Rf1+ 137. Kg6 Rg1+ 138. Kf5 Rh1 139. Rb7 Rf1+ 140. Ke6 Re1+ 141.
Kf5 Rf1+ 142. Kg4 Rh1 143. Kg3 Rh6 144. Kf4 Rh1 145. Kg5 Rg1+ 146. Kh6 Rh1+ 147.
Kg6 Rg1+ 148. Kf6 Rf1+ 149. Ke5 Rh1 1/2-1/2

[Event "FIDE World Bl Team Final"]
[Site "London ENG"]
[Date "2025.06.15"]
[Round "1.1"]
[White "Aiten, Islam"]
[Black "Dauren, Darmen"]
[Result "1-0"]
[WhiteElo "1950"]
[BlackElo "2008"]
[WhiteTeam "D2 KazChess"]
[BlackTeam "C3 Rookies"]
[WhiteFideId "13749420"]
[BlackFideId "13755579"]
[EventDate "2025.06.15"]
[EventType "team-k.o. (blitz)"]

1. e4 c5 2. Nf3 Nf6 3. Nc3 d5 4. Bb5+ Bd7 5. e5 Bxb5 6. Nxb5 Nfd7 7. e6 fxe6 8.
Ng5 Qb6 9. Qe2 e5 10. c4 d4 11. Qf3 Nf6 12. Qf5 Nbd7 13. Qe6 Qxe6 14. Nc7+ Kd8
15. Ngxe6+ Kc8 16. Nxa8 e4 17. Nac7 Ne5 18. Nd5 Nd3+ 19. Ke2 Ng4 20. f3 Nge5 21.
fxe4 Kd7 22. Nef4 Nb4 23. Nxb4 cxb4 24. d3 e6 25. Bd2 Be7 26. Rhf1 g6 27. h3 a5
28. a3 b3 29. Bxa5 Bh4 30. Be1 Bg5 31. Bd2 Bh4 32. a4 Ra8 33. Ra3 Kc6 34. Nxe6
Re8 35. Nxd4+ Kc5 36. Nxb3+ Kb6 37. Be3+ Kc7 38. Nd4 Nd7 39. Nb5+ Kc6 40. Rf7 h5
41. d4 Nb8 42. d5# 1-0

[Event "FIDE World Bl Team Final"]
[Site "London ENG"]
[Date "2025.06.15"]
[Round "1.2"]
[White "Maroroa Jones, Gawain C B"]
[Black "Nepomniachtchi, Ian"]
[Result "1/2-1/2"]
[WhiteTitle "GM"]
[BlackTitle "GM"]
[WhiteElo "2653"]
[BlackElo "2757"]
[WhiteTeam "B4 Malcolm's Mates"]
[BlackTeam "A1 WR Chess Team"]
[WhiteFideId "409561"]
[BlackFideId "4168119"]
[EventDate "2025.06.15"]
[EventType "team-k.o. (blitz)"]

1. Nf3 Nf6 2. g3 d5 3. Bg2 e6 4. O-O Be7 5. c4 O-O 6. b3 c5 7. cxd5 Nxd5 8. Bb2
Nc6 9. d4 cxd4 10. Nxd4 Nxd4 11. Qxd4 Bf6 12. Qd2 Nf4 13. gxf4 Qxd2 14. Nxd2
Bxb2 15. Rad1 Rb8 16. Nc4 Bf6 17. Ne5 Rd8 18. Rxd8+ Bxd8 19. Rd1 Bf6 20. Nd7
Bxd7 21. Rxd7 g6 22. e3 a5 23. Bxb7 Rd8 24. Rxd8+ Bxd8 25. Kf1 Kf8 26. Ke2 Ke7
27. Kd3 Kd6 28. Kc4 Bh4 29. f3 Bf2 30. Kd4 f5 31. Ba6 h6 32. h3 g5 33. fxg5 hxg5
34. Kd3 e5 35. Ke2 Bg1 36. f4 exf4 37. exf4 g4 38. hxg4 fxg4 39. Bc8 g3 40. Kf3
Bf2 41. Bf5 Ke7 42. Bd3 Kf6 43. Bf1 Be1 44. a3 Ke6 45. Bc4+ Kf6 46. Bd5 Kf5 47.
Be4+ Kf6 48. Ke2 Bc3 49. Kd3 Be1 50. Kc4 Bd2 51. Kb5 g2 52. Bxg2 Kf5 53. Bd5
Kxf4 54. b4 Bxb4 55. axb4 axb4 56. Kxb4 1/2-1/2

[Event "FIDE World Bl Team Final"]
[Site "London ENG"]
[Date "2025.06.15"]
[Round "1.2"]
[White "Firouzja, Alireza"]
[Black "Adams, Michael"]
[Result "1-0"]
[WhiteTitle "GM"]
[BlackTitle "GM"]
[WhiteElo "2766"]
[BlackElo "2659"]
[WhiteTeam "A1 WR Chess Team"]
[BlackTeam "B4 Malcolm's Mates"]
[WhiteFideId "12573981"]
[BlackFideId "400041"]
[EventDate "2025.06.15"]
[EventType "team-k.o. (blitz)"]

1. e4 e5 2. Nf3 Nc6 3. Bc4 Bc5 4. d3 Nf6 5. c3 d6 6. Bg5 h6 7. Bh4 a6 8. Nbd2
Qe7 9. a4 Ba7 10. O-O Be6 11. Bd5 g5 12. Bxe6 Qxe6 13. Bg3 Ne7 14. d4 Ng6 15.
Re1 O-O 16. Qc2 Nh5 17. Nf1 g4 18. N3d2 Ng7 19. Ne3 h5 20. Nf5 Qf6 21. f3 exd4
22. cxd4 Nxf5 23. exf5 Bxd4+ 24. Kh1 h4 25. fxg6 hxg3 26. Re4 fxg6 27. Qc4+ Kg7
28. Qxd4 Qxd4 29. Rxd4 Rh8 30. Nf1 gxf3 31. Nxg3 fxg2+ 32. Kxg2 Rae8 33. Rc1 Re7
34. b4 Rhe8 35. a5 Rf7 36. Rc2 Re5 37. Rdc4 c6 38. Rd4 d5 39. Re2 Rxe2+ 40. Nxe2
Re7 41. Kf3 Re5 42. Nf4 Re1 43. Nd3 Re7 44. Nc5 Kf6 45. h4 Ke5 46. Rg4 Kf6 47.
Rf4+ Kg7 48. Kf2 Kg8 49. Rf6 Kg7 50. Rd6 Kh6 51. Rd7 1-0

[Event "FIDE World Bl Team Final"]
[Site "London ENG"]
[Date "2025.06.15"]
[Round "1.2"]
[White "Duda, Jan-Krzysztof"]
[Black "Saric, Ivan"]
[Result "1-0"]
[WhiteTitle "GM"]
[BlackTitle "GM"]
[WhiteElo "2725"]
[BlackElo "2661"]
[WhiteTeam "A1 WR Chess Team"]
[BlackTeam "B4 Malcolm's Mates"]
[WhiteFideId "1170546"]
[BlackFideId "14508150"]
[EventDate "2025.06.15"]
[EventType "team-k.o. (blitz)"]

1. e4 c5 2. Nf3 d6 3. d4 cxd4 4. Nxd4 Nf6 5. Nc3 Nc6 6. Bg5 e6 7. Qd2 a6 8.
O-O-O Bd7 9. Kb1 Be7 10. f3 Nxd4 11. Qxd4 b5 12. g4 Qc7 13. Be3 O-O 14. g5 Nh5
15. Qd2 Rfc8 16. Bd3 b4 17. Ne2 a5 18. Ng3 g6 19. Nxh5 gxh5 20. f4 a4 21. f5 a3
22. b3 d5 23. Bd4 e5 24. Ba1 d4 25. Rhg1 Be8 26. Qe2 Ra5 27. Qxh5 Rc5 28. Rd2
Bf8 29. Rg3 Bb5 30. g6 fxg6 31. fxg6 h6 32. g7 Bxg7 33. Bxb5 Rxc2 34. Bc4+ Rxc4
35. bxc4 Qxc4 36. Rxg7+ Kxg7 37. Rg2+ Kf8 38. Qxh6+ Ke8 39. Qh8+ Kd7 40. Qg7+
Kc6 41. Rc2 1-0

[Event "FIDE World Bl Team Final"]
[Site "London ENG"]
[Date "2025.06.15"]
[Round "1.2"]
[White "Bulmaga, Irina"]
[Black "Hou, Yifan"]
[Result "0-1"]
[WhiteTitle "IM"]
[BlackTitle "GM"]
[WhiteElo "2393"]
[BlackElo "2633"]
[WhiteTeam "B4 Malcolm's Mates"]
[BlackTeam "A1 WR Chess Team"]
[WhiteFideId "13903063"]
[BlackFideId "8602980"]
[EventDate "2025.06.15"]
[EventType "team-k.o. (blitz)"]

1. e4 c6 2. d4 d5 3. e5 c5 4. dxc5 e6 5. a3 Nc6 6. Nf3 Bxc5 7. b4 Bb6 8. Bb2 f6
9. Bd3 fxe5 10. Nxe5 Nxe5 11. Bxe5 Qg5 12. Bg3 Nf6 13. Nd2 O-O 14. h4 Qh5 15.
O-O Qxd1 16. Raxd1 a5 17. c4 axb4 18. axb4 Ra3 19. Nb1 Rb3 20. c5 Bd8 21. Bd6
Rf7 22. b5 Ng4 23. g3 e5 24. Be2 Bf5 25. Bxg4 Bxg4 26. Rxd5 Be2 27. Rxe5 Bxb5
28. Rfe1 Rbf3 29. Re8+ Bxe8 30. Rxe8+ Rf8 31. Bxf8 Rxf8 32. Re6 Bf6 33. Nd2 Bd4
34. Ne4 h6 35. Kg2 Rf5 36. c6 bxc6 37. Rxc6 Re5 38. f3 Ra5 39. g4 Ra2+ 40. Kf1
Kf7 41. h5 Be5 42. Rb6 Bd4 43. Rd6 Be5 44. Rd7+ Ke6 45. Rb7 Bd4 46. Rb5 Rc2 47.
Ra5 Rb2 48. Ra6+ Ke5 49. Rg6 Kf4 50. g5 Kxf3 51. Ke1 Kxe4 52. gxh6 gxh6 53. Rxh6
Kd3 54. Kf1 Rf2+ 55. Ke1 Rg2 0-1

[Event "FIDE World Bl Team Final"]
[Site "London ENG"]
[Date "2025.06.15"]
[Round "1.2"]
[White "Hong, Andrew"]
[Black "Sevian, Samuel"]
[Result "0-1"]
[WhiteTitle "GM"]
[BlackTitle "GM"]
[WhiteElo "2589"]
[BlackElo "2687"]
[WhiteTeam "A4 FIDE MB Team"]
[BlackTeam "B1 Freedom"]
[WhiteFideId "2099438"]
[BlackFideId "2040506"]
[EventDate "2025.06.15"]
[EventType "team-k.o. (blitz)"]

1. e4 e5 2. Nf3 Nc6 3. Bc4 Bc5 4. c3 Nf6 5. d3 d6 6. Bg5 h6 7. Bh4 a6 8. Nbd2
Qe7 9. O-O Ba7 10. b4 g5 11. Bg3 Bg4 12. a4 Nh5 13. Kh1 O-O 14. Bd5 Nd8 15. b5
c6 16. bxc6 bxc6 17. Bc4 a5 18. Nb3 Nb7 19. d4 exd4 20. Nbxd4 Bxd4 21. cxd4 Qxe4
22. Ra3 Nf4 23. Re1 Qf5 24. h3 Bh5 25. Bh2 Bg6 26. Rae3 Qc2 27. Qxc2 Bxc2 28.
Re7 d5 29. Ba2 Nd6 30. h4 Ne4 31. hxg5 Ng6 32. Rc7 Bxa4 33. gxh6 Rae8 34. Kg1
Bb5 35. Bb1 a4 36. Ra7 Ra8 37. Rc7 a3 38. Ba2 Nc3 39. Bb3 a2 40. Bxa2 Rxa2 41.
Bd6 Ne2+ 42. Kh2 Rd8 43. Ng5 Raa8 44. Rxf7 Rxd6 45. Rg7+ Kf8 46. Rf7+ Ke8 47. h7
Nh8 48. Rg7 Rh6+ 49. Nh3 Ra3 50. Rb1 Kf8 51. Rb7 Nf7 52. Rc1 Rxh7 53. Rc2 Rh4
54. Rd7 Rxd4 55. Rb2 Rd1 56. Rb4 Raa1 57. g4 Rd4 58. Rxd4 Nxd4 59. Kg3 Ra3+ 60.
Kh4 Nf3+ 61. Kh5 N3e5 62. Rxf7+ 0-1

[Event "FIDE World Bl Team Final"]
[Site "London ENG"]
[Date "2025.06.15"]
[Round "1.2"]
[White "Le, Quang Liem"]
[Black "Short, Nigel D"]
[Result "1-0"]
[WhiteTitle "GM"]
[BlackTitle "GM"]
[WhiteElo "2729"]
[BlackElo "2587"]
[WhiteTeam "B1 Freedom"]
[BlackTeam "A4 FIDE MB Team"]
[WhiteFideId "12401137"]
[BlackFideId "400025"]
[EventDate "2025.06.15"]
[EventType "team-k.o. (blitz)"]

1. d4 e6 2. c4 f5 3. g3 Nf6 4. Bg2 Be7 5. Nf3 O-O 6. O-O c6 7. b3 b6 8. Ba3 Bxa3
9. Nxa3 Qe7 10. Nc2 d6 11. Qc1 e5 12. dxe5 dxe5 13. Qa3 Qxa3 14. Nxa3 Re8 15.
Rfd1 Kf8 16. c5 Ba6 17. Kf1 Nbd7 18. cxb6 axb6 19. Nh4 g6 20. Bxc6 Ra7 21. Nb5
Bxb5 22. Bxb5 Rc8 23. b4 Ke7 24. a4 e4 25. Ng2 Ne5 26. Ne3 Rc3 27. Nd5+ Nxd5 28.
Rxd5 Ng4 29. Rad1 Rb3 30. h3 Nf6 31. Re5+ Kf8 32. g4 fxg4 33. hxg4 Nxg4 34. Rxe4
Nf6 35. Re6 Kg7 36. Rd4 h5 37. Rxb6 g5 38. Rdd6 Rf7 39. Bc4 Rb1+ 40. Kg2 Rf8 41.
Rb7+ Kh8 42. Bd3 Ra1 43. a5 h4 44. a6 Ng4 45. f3 Ne3+ 46. Kh2 1-0

[Event "FIDE World Bl Team Final"]
[Site "London ENG"]
[Date "2025.06.15"]
[Round "1.2"]
[White "Bologan, Victor"]
[Black "Sarana, Alexey"]
[Result "0-1"]
[WhiteTitle "GM"]
[BlackTitle "GM"]
[WhiteElo "2601"]
[BlackElo "2686"]
[WhiteTeam "A4 FIDE MB Team"]
[BlackTeam "B1 Freedom"]
[WhiteFideId "13900048"]
[BlackFideId "24133795"]
[EventDate "2025.06.15"]
[EventType "team-k.o. (blitz)"]

1. e4 c5 2. Nf3 d6 3. d4 Nf6 4. Nc3 cxd4 5. Nxd4 a6 6. Be3 e5 7. Nf3 Qc7 8. a4
Be7 9. a5 O-O 10. Ra4 Be6 11. Ng5 Nc6 12. Nd5 Bxd5 13. Bb6 Qd7 14. exd5 Nd4 15.
c3 Nxd5 16. Nxh7 Nxb6 17. axb6 Kxh7 18. cxd4 e4 19. d5 f5 20. g4 Bh4 21. Bg2 e3
22. O-O Bxf2+ 23. Kh1 f4 24. Be4+ Kg8 25. Rc4 Rae8 26. g5 Qh3 27. Bg2 Qh4 28. g6
e2 0-1

[Event "FIDE World Bl Team Final"]
[Site "London ENG"]
[Date "2025.06.15"]
[Round "1.2"]
[White "Martirosyan, Haik M."]
[Black "Al-Mudahka, Mohd"]
[Result "1-0"]
[WhiteTitle "GM"]
[BlackTitle "GM"]
[WhiteElo "2635"]
[BlackElo "2542"]
[WhiteTeam "B1 Freedom"]
[BlackTeam "A4 FIDE MB Team"]
[WhiteFideId "13306553"]
[BlackFideId "12100030"]
[EventDate "2025.06.15"]
[EventType "team-k.o. (blitz)"]

1. d4 Nf6 2. c4 e5 3. dxe5 Ng4 4. e3 Nxe5 5. f4 Nec6 6. Ne2 Bc5 7. a3 a5 8. Nbc3
O-O 9. Ng3 Re8 10. Bd3 d6 11. O-O Nd7 12. Nce4 Nf6 13. Nxc5 dxc5 14. h3 Be6 15.
b3 a4 16. bxa4 Qd6 17. Qc2 Rad8 18. Rd1 Nd4 19. exd4 Qxd4+ 20. Kh2 Qxa1 21. Bb2
Qa2 22. f5 Rxd3 23. Rxd3 Bxc4 24. Rc3 Bd5 25. Rxc5 c6 26. a5 h5 27. Bxf6 Qxc2
28. Rxc2 gxf6 29. Nxh5 Re5 30. Nxf6+ Kg7 31. Nxd5 Rxd5 32. a6 bxa6 33. Rxc6 Ra5
34. g4 Rxa3 35. h4 a5 36. g5 a4 37. h5 Rf3 38. f6+ Kh7 39. Rc7 Kg8 40. Rc8+ Kh7
41. Rf8 Rf5 42. Rxf7+ Kh8 43. Rf8+ Kh7 44. g6+ Kh6 45. Rh8+ Kg5 46. g7 1-0

[Event "FIDE World Bl Team Final"]
[Site "London ENG"]
[Date "2025.06.15"]
[Round "1.2"]
[White "Zhu, Chen"]
[Black "Injac, Teodora"]
[Result "1-0"]
[WhiteTitle "GM"]
[BlackTitle "IM"]
[WhiteElo "2423"]
[BlackElo "2457"]
[WhiteTeam "A4 FIDE MB Team"]
[BlackTeam "B1 Freedom"]
[WhiteFideId "8600546"]
[BlackFideId "932400"]
[EventDate "2025.06.15"]
[EventType "team-k.o. (blitz)"]

1. c4 e5 2. Nc3 Bb4 3. Qb3 a5 4. e3 Nc6 5. Nge2 Nf6 6. a3 Bxc3 7. Nxc3 d6 8. Be2
O-O 9. O-O Re8 10. d3 h5 11. Rb1 b6 12. Bf3 Bb7 13. Qd1 h4 14. b4 axb4 15. axb4
Qc8 16. h3 Ne7 17. Bxb7 Qxb7 18. e4 Ng6 19. Bg5 Nh7 20. Be3 Nhf8 21. f4 exf4 22.
Bxf4 Ne6 23. Be3 Ra3 24. Nd5 b5 25. Bc1 Ra2 26. Bb2 c6 27. Nc3 Raa8 28. cxb5
cxb5 29. Nd5 Rac8 30. Qf3 Qa7+ 31. Kh2 Qb7 32. e5 Qc6 33. Rbc1 Qa8 34. exd6 Qb8
35. Kh1 Qxd6 36. Qxf7+ 1-0

[Event "FIDE World Bl Team Final"]
[Site "London ENG"]
[Date "2025.06.15"]
[Round "1.2"]
[White "Mani, Sarbartho"]
[Black "Zaiarski, Stepan"]
[Result "1-0"]
[WhiteElo "1847"]
[BlackElo "1932"]
[WhiteTeam "B1 Freedom"]
[BlackTeam "A4 FIDE MB Team"]
[WhiteFideId "366112022"]
[BlackFideId "13907000"]
[EventDate "2025.06.15"]
[EventType "team-k.o. (blitz)"]

1. d4 Nf6 2. Nf3 d5 3. g3 g6 4. Bg2 Bg7 5. O-O O-O 6. Nbd2 c5 7. e3 Nc6 8. Re1
cxd4 9. exd4 a5 10. c3 a4 11. a3 e6 12. Rb1 Qc7 13. Bf1 Bd7 14. Bd3 Rfd8 15. Bc2
b5 16. Bd3 Na5 17. Ne5 Be8 18. Ndf3 Nc4 19. Bg5 h6 20. Bf4 Qe7 21. h4 Nh5 22.
Bc1 Kh7 23. g4 Nf6 24. g5 hxg5 25. Bxg5 Qf8 26. Nh2 Nd6 27. h5 Nf5 28. hxg6+
fxg6 29. Nhg4 Nxg4 30. Qxg4 Bf6 31. Kg2 Ra7 32. Rh1+ Kg8 33. Rh3 Bxg5 34. Qxg5
Qe7 35. Qg4 Qf6 36. Rbh1 Rg7 37. R1h2 Re7 38. f4 Rdd7 39. Nxd7 Rxd7 40. Qe2 Re7
41. Qe5 Qxe5 42. fxe5 Rg7 43. Rh8+ Kf7 44. Bxf5 gxf5+ 45. Kf2 Bd7 46. R2h7 Be8
47. Rxg7+ 1-0

[Event "FIDE World Bl Team Final"]
[Site "London ENG"]
[Date "2025.06.15"]
[Round "1.2"]
[White "Nogerbek, Kazybek"]
[Black "Abdusattorov, Nodirbek"]
[Result "0-1"]
[WhiteTitle "GM"]
[BlackTitle "GM"]
[WhiteElo "2538"]
[BlackElo "2767"]
[WhiteTeam "D4 Barys.kz"]
[BlackTeam "C1 Uzbekistan"]
[WhiteFideId "13710427"]
[BlackFideId "14204118"]
[EventDate "2025.06.15"]
[EventType "team-k.o. (blitz)"]

1. d4 d5 2. Nf3 Nf6 3. c4 e6 4. Nc3 dxc4 5. e3 a6 6. Bxc4 c5 7. a4 Nc6 8. O-O
Be7 9. Qe2 O-O 10. Rd1 Qc7 11. dxc5 Bxc5 12. h3 Ne5 13. b3 Nxf3+ 14. Qxf3 Bd7
15. Qf4 Qxf4 16. exf4 Rac8 17. Be3 Bb4 18. Ne2 Bc6 19. Rac1 Bd5 20. Bxd5 Nxd5
21. Bd4 Rfd8 22. g3 h5 23. h4 Ba3 24. Rxc8 Rxc8 25. Be5 Rc2 26. Nd4 Ra2 27. f5
Bc5 28. fxe6 fxe6 29. Rd3 Kf7 30. Rf3+ Nf6 31. Rc3 Ne4 32. Rf3+ Nf6 33. Rc3 Ne4
34. Rf3+ Nf6 35. Rf4 b6 36. Nc6 a5 37. Bc7 Rc2 38. Ne5+ Ke8 39. Bb8 Rc3 40. Kg2
Rxb3 41. Bc7 Rc3 42. Bb8 Rc2 43. Nd3 Ng4 44. Nxc5 bxc5 45. Bc7 Ne3+ 46. Kg1 Nd5
47. Bxa5 Nxf4 48. gxf4 Ra2 49. Bb6 c4 50. Bd4 Rxa4 51. Bxg7 Kf7 52. Be5 Kg6 53.
f3 Ra2 54. Kf1 Kf5 55. Kg1 Re2 56. Bc3 Kxf4 57. Kf1 Kxf3 0-1